000 00575nam a2200181Ia 4500
001 7325
003 IN-NITTTR
005 20251114233027.0
008 251113s9999||||xx |||||||||||||| ||eng||
040 _beng
040 _cIN-NITTTR
041 _aeng
082 _a818 A71I
100 _aAtomic Energy Commission (United States).,
245 0 _aIn the matter of J.Robert oppenheimer :
_b transcript of hearing before personnel security board  and texts of principal documents and letters. /
_cAtomic Energy Commission (United States).
260 _aUSA
942 _2ddc
_cBK
999 _c9963
_d9963